Riconosci il Pokémon - Quiz n°1006 - Statistics

Statistiche generali
  • Questo quiz è stato fatto 1 volte
  • Il punteggio medio è 10 su 10
Statistiche sulle risposte
Indizio Risposta % Corretto
Altezza 0,9 m
100%
Peso 10,0 kg
100%
Tasso di cattura 255 (43.9%)
100%
Sesso 50% ♂, 50% ♀
100%
Tipo Acqua
100%
Stadio evoluzione Forma Base
100%
Tasso di allevamento Lento
100%
Pokémon Magikarp
100%
Abilità Nuotovelox; Paura
100%
Generazione Prima
100%
Nessun quiz corrispondente trovato
Distribuzione punteggi
Percentuale di utenti per punteggio
Percentile per numero di risposta
I tuoi punteggi nel tempo
Non hai fatto questo quiz